[Event "FBL 1"]
[Site "Deutschland"]
[Date "2009.11.07"]
[Round "1.1"]
[White "Kononenko, Tatiana"]
[Black "Socko, Monika"]
[Result "1/2-1/2"]
[WhiteElo "2377"]
[BlackElo "2468"]
[PlyCount "46"]
[EventDate "2009.11.07"]
[EventType "team"]
[EventCountry "GER"]
[WhiteTeam "USV Halle"]
[BlackTeam "Hamburger SK von 1830"]

1. d4 Nf6 2. c4 e6 3. Nf3 c5 4. d5 exd5 5. cxd5 d6 6. Nc3 g6 7. Bf4 a6 8. a4
Qe7 9. h3 Nbd7 10. e3 Bg7 11. Be2 O-O 12. Nd2 Ne5 13. O-O Rb8 14. Bg3 Ne8 15.
f4 Nd3 16. e4 Nb4 17. Nc4 b5 18. axb5 axb5 19. Na3 Bd7 20. e5 dxe5 21. Bxb5
exf4 22. Bxf4 Rd8 23. d6 Qh4 1/2-1/2

[Event "FBL 1"]
[Site "Deutschland"]
[Date "2009.11.07"]
[Round "1.2"]
[White "Michna, Marta"]
[Black "Lakos, Nikoletta"]
[Result "0-1"]
[WhiteElo "2366"]
[BlackElo "2292"]
[PlyCount "76"]
[EventDate "2009.11.07"]
[EventType "team"]
[EventCountry "GER"]
[WhiteTeam "Hamburger SK von 1830"]
[BlackTeam "USV Halle"]

1. d4 Nf6 2. Nf3 e6 3. e3 b6 4. Bd3 Bb7 5. Nbd2 d5 6. O-O Be7 7. b3 c5 8. Bb2
O-O 9. Qe2 cxd4 10. exd4 Nc6 11. a3 Rc8 12. Ne5 Nxe5 13. dxe5 Nd7 14. b4 a5 15.
Qg4 Re8 16. Rae1 f5 17. exf6 Bxf6 18. Bxf6 Qxf6 19. Nf3 Re7 20. Ng5 Nf8 21. f4
axb4 22. axb4 Ra8 23. Nf3 Ra4 24. Rb1 Ba6 25. Ne5 Bxd3 26. cxd3 Rc7 27. Rb2 Ng6
28. Nxg6 Qxg6 29. Qh3 Rc3 30. f5 exf5 31. Rxf5 Ra1+ 32. Kf2 Rcc1 33. Rf3 b5 34.
g4 Qb6+ 35. Ke2 Qe6+ 36. Re3 Re1+ 37. Kd2 Rad1+ 38. Kc2 Rxe3 0-1

[Event "FBL 1"]
[Site "Deutschland"]
[Date "2009.11.07"]
[Round "1.3"]
[White "Melamed, Tetyana"]
[Black "Voiska, Margarita"]
[Result "1-0"]
[WhiteElo "2312"]
[BlackElo "2349"]
[PlyCount "105"]
[EventDate "2009.11.07"]
[EventType "team"]
[EventCountry "GER"]
[WhiteTeam "USV Halle"]
[BlackTeam "Hamburger SK von 1830"]

1. e4 c5 2. Nf3 Nc6 3. Bb5 Nf6 4. Bxc6 dxc6 5. d3 g6 6. h3 Bg7 7. Nc3 O-O 8.
Bf4 Re8 9. Qd2 Nd7 10. Bh6 Nf8 11. Bxg7 Kxg7 12. Ne5 Qd4 13. f4 f6 14. Nf3 Qb4
15. O-O-O Ne6 16. g4 Nd4 17. Rhf1 Be6 18. f5 Bf7 19. a3 Qa5 20. e5 Rf8 21. g5
Bd5 22. gxf6+ exf6 23. Nh4 Qd8 24. fxg6 fxe5 25. Rxf8 Qxf8 26. gxh7 Qf4 27.
Qxf4 exf4 28. Rf1 Kxh7 29. Rxf4 Rg8 30. Kd2 Rg3 31. Nxd5 cxd5 32. c3 Ne6 33.
Rf3 Rg7 34. Rf5 d4 35. cxd4 Nxd4 36. Rh5+ Kg8 37. Kc3 b6 38. Nf5 Nxf5 39. Rxf5
Rg3 40. h4 Rh3 41. h5 Rh1 42. Rd5 Rc1+ 43. Kb3 a5 44. a4 Rh1 45. Rd6 Rh3 46. h6
Kh7 47. Rxb6 Rxd3+ 48. Kc4 Rd4+ 49. Kb5 c4 50. Kxa5 c3 51. bxc3 Rc4 52. Rb5
Rxc3 53. Kb6 1-0

[Event "FBL 1"]
[Site "Deutschland"]
[Date "2009.11.07"]
[Round "1.5"]
[White "Sharevich, Anna"]
[Black "Gasik, Anna"]
[Result "1/2-1/2"]
[WhiteElo "2252"]
[BlackElo "2189"]
[PlyCount "145"]
[EventDate "2009.11.07"]
[EventType "team"]
[EventCountry "GER"]
[WhiteTeam "USV Halle"]
[BlackTeam "Hamburger SK von 1830"]

1. d4 d5 2. Nf3 Nf6 3. c4 c6 4. e3 e6 5. Bd3 Nbd7 6. O-O Bd6 7. Qc2 O-O 8. Nc3
dxc4 9. Bxc4 b5 10. Bd3 Bb7 11. b3 a6 12. Bb2 Qe7 13. e4 e5 14. Ne2 g6 15. Rfe1
Rac8 16. Ng3 c5 17. d5 Nb6 18. Bc3 c4 19. bxc4 Nxc4 20. Bxc4 Rxc4 21. Qb2 Nd7
22. Nd2 Rcc8 23. Nb3 Nb6 24. Qd2 b4 25. Bb2 Nc4 26. Qe2 Nxb2 27. Qxb2 Qc7 28.
Qd2 a5 29. Qh6 f6 30. Qh3 Rfe8 31. Rac1 Qb6 32. Qd7 Rcd8 33. Qa4 Ra8 34. Nf1
Ba6 35. Qc6 Qb8 36. Ne3 Bb5 37. Qc2 a4 38. Nd2 Rc8 39. Qb1 Qb7 40. Nec4 Bc5 41.
Qd3 Kg7 42. h4 Qa7 43. Rf1 Qa6 44. h5 Bd4 45. Qh3 Bc3 46. h6+ Kg8 47. Rfd1 Rd8
48. Ne3 Be2 49. Ndc4 Qc8 50. Nf5 Qd7 51. Nb6 Qf7 52. Nxa8 Bxd1 53. Nb6 gxf5 54.
Rxd1 Bd4 55. Nxa4 fxe4 56. Qg4+ Kh8 57. Qxe4 Qxd5 58. Qxd5 Rxd5 59. Rc1 Kg8 60.
Rc8+ Kf7 61. Rb8 Bc3 62. Nxc3 bxc3 63. Rc8 Rd1+ 64. Kh2 Rd2 65. Rxc3 Rxf2 66.
Rg3 Rxa2 67. Rg7+ Ke6 68. Rxh7 Ra8 69. g4 Rg8 70. Kh3 f5 71. gxf5+ Kxf5 72. Rg7
Rh8 73. h7 1/2-1/2

[Event "FBL 1"]
[Site "Deutschland"]
[Date "2009.11.07"]
[Round "1.6"]
[White "Schmidt, Jade"]
[Black "Straub, Natalia"]
[Result "1-0"]
[WhiteElo "2003"]
[BlackElo "2225"]
[PlyCount "143"]
[EventDate "2009.11.07"]
[EventType "team"]
[EventCountry "GER"]
[WhiteTeam "Hamburger SK von 1830"]
[BlackTeam "USV Halle"]

1. d4 Nf6 2. c4 g6 3. Nc3 Bg7 4. e4 d6 5. f3 O-O 6. Bg5 a6 7. Qd2 c6 8. Nge2 b5
9. Nc1 Nbd7 10. Be2 bxc4 11. Bxc4 Nb6 12. Be2 Be6 13. O-O Nc4 14. Bxc4 Bxc4 15.
N1e2 Re8 16. b3 Be6 17. Rac1 Bc8 18. Rfd1 Bb7 19. Na4 a5 20. Nf4 h6 21. Bxf6
Bxf6 22. Ne2 Bg7 23. Qe3 Ra6 24. Kh1 Ba8 25. Nf4 Qb8 26. Nd3 Qa7 27. e5 Rd8 28.
Qf4 Qb8 29. Re1 Ra7 30. e6 f5 31. h4 Rf8 32. Qg3 Kh7 33. Nf4 Rf6 34. Nh3 Rc7
35. Qf4 Rc8 36. Kh2 Qb5 37. Nc3 Qb8 38. Na4 Qb5 39. Nc3 Qb8 40. Kh1 Bb7 41. Re3
Rc7 42. Na4 Bc8 43. Rce1 Rb7 44. R3e2 Rb4 45. h5 g5 46. Qc1 Qb7 47. d5 c5 48.
Nc3 Rh4 49. Kg1 Rxh5 50. Qc2 Qb4 51. Nf2 Kh8 52. g3 Rf8 53. Ncd1 Ba6 54. Rd2 c4
55. bxc4 Bxc4 56. Ne3 Ba6 57. Rb1 Qa3 58. Rb3 Qa4 59. Nxf5 Rc8 60. Qb1 g4 61.
Nxg7 Kxg7 62. Qb2+ Kh7 63. Nxg4 Qc4 64. Ne3 Qc1+ 65. Qxc1 Rxc1+ 66. Kg2 Rhh1
67. f4 Rcg1+ 68. Kf3 h5 69. Rb6 Bf1 70. Rb7 h4 71. Rxe7+ Kg6 72. gxh4 1-0

[Event "FBL 1"]
[Site "Deutschland"]
[Date "2009.11.07"]
[Round "1.1"]
[White "Mader, Manuela"]
[Black "Haecker, Sonja"]
[Result "1-0"]
[WhiteElo "2185"]
[BlackElo "2064"]
[PlyCount "103"]
[EventDate "2009.11.07"]
[EventType "team"]
[EventCountry "GER"]
[WhiteTeam "Karlsruher SF 1853"]
[BlackTeam "SV Wolfbusch"]

1. d4 d5 2. Nf3 Nf6 3. c4 e6 4. Nc3 c6 5. cxd5 exd5 6. Bf4 Bf5 7. e3 Be7 8. Be2
Nbd7 9. a3 h6 10. h3 O-O 11. O-O a5 12. b3 Re8 13. Bd3 Bxd3 14. Qxd3 Bf8 15.
Nd2 Nb6 16. Rfb1 Nc8 17. Ra2 Bd6 18. Bxd6 Nxd6 19. Na4 Nfe4 20. Nxe4 Nxe4 21.
b4 axb4 22. Rxb4 b5 23. Nc3 Nxc3 24. Qxc3 Ra6 25. Rb3 Qa8 26. Rc2 Re7 27. Qd3
Rea7 28. Rcc3 Qf8 29. f3 Qd6 30. Rc5 Ra8 31. Rbc3 Qd7 32. Kh1 g6 33. Rb3 Qa7
34. Rcc3 Qe7 35. e4 dxe4 36. fxe4 Rd8 37. Qe3 Kg7 38. Rc5 Ra4 39. Rb4 Rxb4 40.
axb4 Qd6 41. d5 cxd5 42. exd5 Qf6 43. Kh2 Rb8 44. Rc6 Qf5 45. Qd4+ Kg8 46. d6
Rd8 47. Rc7 Qg5 48. Rc5 f5 49. Qd5+ Kf8 50. Qe5 Re8 51. Qh8+ Kf7 52. Rc7+ 1-0

[Event "FBL 1"]
[Site "Deutschland"]
[Date "2009.11.07"]
[Round "1.2"]
[White "Jussupow, Ekaterina"]
[Black "Lauterbach, Ingrid"]
[Result "1/2-1/2"]
[WhiteElo "2153"]
[BlackElo "2163"]
[PlyCount "115"]
[EventDate "2009.11.07"]
[EventType "team"]
[EventCountry "GER"]
[WhiteTeam "SV Wolfbusch"]
[BlackTeam "Karlsruher SF 1853"]

1. d4 d6 2. g3 g6 3. Bg2 Bg7 4. Nf3 Nd7 5. c4 e5 6. Nc3 Ne7 7. O-O O-O 8. dxe5
dxe5 9. Qc2 c6 10. Rd1 Qc7 11. e4 Nc5 12. Be3 Ne6 13. Rd3 f5 14. Rad1 fxe4 15.
Nxe4 Nf5 16. c5 Ned4 17. Nxd4 Nxd4 18. Bxd4 exd4 19. Ng5 Bf5 20. Qc4+ Kh8 21.
Be4 Bxe4 22. Nxe4 Qf7 23. Qxf7 Rxf7 24. Ng5 Re7 25. Nf3 Rd8 26. Re3 Red7 27.
Re6 d3 28. Ne5 Bxe5 29. Rxe5 Kg7 30. f4 Kf6 31. Kf2 h6 32. Rd2 g5 33. Ke3 gxf4+
34. gxf4 a5 35. b3 Rd4 36. Rh5 Kg6 37. Re5 R4d7 38. Re6+ Kh5 39. Re5+ Kg6 40.
Rg2+ Kf6 41. Rh5 Re8+ 42. Kd2 Re4 43. Rxh6+ Kf5 44. Rg5+ Kxf4 45. Rh4+ Kxg5 46.
Rxe4 Rh7 47. h4+ Rxh4 48. Rxh4 Kxh4 49. Kxd3 Kg5 50. b4 Kf5 51. bxa5 Ke5 52.
Kc4 Ke4 53. Kb4 Kd4 54. a4 Kd5 55. a6 bxa6 56. Ka5 Kxc5 57. Kxa6 Kd4 58. Kb6
1/2-1/2

[Event "FBL 1"]
[Site "Deutschland"]
[Date "2009.11.07"]
[Round "1.4"]
[White "Stitterich, Nadine"]
[Black "Kiefhaber, Veronika"]
[Result "1-0"]
[WhiteElo "1956"]
[BlackElo "2244"]
[PlyCount "123"]
[EventDate "2009.11.07"]
[EventType "team"]
[EventCountry "GER"]
[WhiteTeam "SV Wolfbusch"]
[BlackTeam "Karlsruher SF 1853"]

1. e4 c5 2. Nf3 g6 3. d4 cxd4 4. Nxd4 Nc6 5. Nc3 Bg7 6. Be3 Nf6 7. Bc4 Qa5 8.
O-O O-O 9. Re1 d6 10. h3 Bd7 11. Bb3 Rad8 12. Kh1 Rfe8 13. Qd3 Nxd4 14. Bxd4
Bc6 15. Nd5 Nd7 16. Bxg7 Kxg7 17. Qd4+ Kg8 18. c3 Qc5 19. Rad1 Rc8 20. f4 Qxd4
21. Rxd4 Nc5 22. Rd2 Kg7 23. Bc2 e5 24. f5 Rcd8 25. f6+ Kg8 26. Nc7 Rf8 27. Nd5
Kh8 28. Ne7 Rd7 29. b4 Ne6 30. Nxc6 bxc6 31. Ba4 Rc8 32. h4 Nf4 33. g4 h5 34.
g5 Kh7 35. Red1 d5 36. exd5 Rxd5 37. c4 Rxd2 38. Rxd2 Rc7 39. Kh2 Ne6 40. Re2
Nd4 41. Re4 Rb7 42. a3 a5 43. b5 cxb5 44. cxb5 Nxb5 45. Rxe5 Nd6 46. Rxa5 Rb2+
47. Kh3 Rd2 48. Bc6 Rd3+ 49. Kh2 Rd2+ 50. Kh3 Rd3+ 51. Kg2 Rd2+ 52. Kf3 Nf5 53.
Be4 Nxh4+ 54. Kg3 Rd4 55. Kf4 Nf5 56. Ke5 Rd1 57. Ra7 Kg8 58. Ra8+ Kh7 59. Rf8
h4 60. Rxf7+ Kg8 61. Rb7 h3 62. Bd5+ 1-0

[Event "FBL 1"]
[Site "Deutschland"]
[Date "2009.11.07"]
[Round "1.5"]
[White "Nill, Jessica"]
[Black "Mijatovic, Andrea"]
[Result "1-0"]
[WhiteElo "2237"]
[BlackElo "1869"]
[PlyCount "55"]
[EventDate "2009.11.07"]
[EventType "team"]
[EventCountry "GER"]
[WhiteTeam "Karlsruher SF 1853"]
[BlackTeam "SV Wolfbusch"]

1. d4 d5 2. c4 e6 3. Nf3 Nf6 4. Nc3 Nbd7 5. Bf4 c6 6. e3 Be7 7. Bd3 O-O 8. O-O
Re8 9. Qc2 Nf8 10. e4 dxe4 11. Nxe4 Ng6 12. Bg3 b6 13. Rad1 Bb7 14. Nxf6+ Bxf6
15. c5 Qc8 16. Rfe1 Ba6 17. Be4 Bb7 18. a4 Re7 19. b4 Qe8 20. Bd6 Rd7 21. Ne5
Nxe5 22. dxe5 Be7 23. Bxh7+ Kh8 24. Re3 Bxd6 25. cxd6 g6 26. Rh3 Kg7 27. Qc1
Qf8 28. Qg5 1-0

[Event "FBL 1"]
[Site "Deutschland"]
[Date "2009.11.07"]
[Round "1.6"]
[White "Haecker, Katrin"]
[Black "Vidonyak, Nellya"]
[Result "0-1"]
[WhiteElo "1615"]
[BlackElo "2175"]
[PlyCount "56"]
[EventDate "2009.11.07"]
[EventType "team"]
[EventCountry "GER"]
[WhiteTeam "SV Wolfbusch"]
[BlackTeam "Karlsruher SF 1853"]

1. e4 c5 2. Nf3 e6 3. d4 cxd4 4. Nxd4 Nf6 5. Nc3 Nc6 6. Be3 Bb4 7. Bd3 d5 8.
Nxc6 bxc6 9. Bd2 e5 10. O-O O-O 11. Qe1 d4 12. Ne2 Bxd2 13. Qxd2 c5 14. c3 Qa5
15. a3 Bb7 16. Qc2 Rfc8 17. b4 cxb4 18. axb4 Qb6 19. Qb2 dxc3 20. Qb1 Rc7 21.
Ra3 Rac8 22. Qc2 a6 23. Rb3 Qd6 24. Ra1 Rd8 25. Rd1 Bxe4 26. Nc1 Bg6 27. Rxc3
Rxc3 28. Qxc3 e4 0-1

[Event "FBL 1"]
[Site "Deutschland"]
[Date "2009.11.07"]
[Round "1.1"]
[White "Zatonskih, Anna"]
[Black "Mueller Ludwig, Kristin"]
[Result "1-0"]
[WhiteElo "2466"]
[BlackElo "2151"]
[PlyCount "67"]
[EventDate "2009.11.07"]
[EventType "team"]
[EventCountry "GER"]
[WhiteTeam "OSG - SG Baden-Baden 1922"]
[BlackTeam "SV Medizin Erfurt"]

1. d4 Nf6 2. c4 g6 3. Nc3 Bg7 4. g3 O-O 5. Bg2 d6 6. Nf3 Nbd7 7. O-O e5 8. e4
exd4 9. Nxd4 Re8 10. h3 a6 11. Be3 Rb8 12. b3 Nc5 13. Qc2 Bd7 14. Rad1 Qc8 15.
Kh2 Ne6 16. f4 Nxd4 17. Bxd4 Bc6 18. Rfe1 Re7 19. Nd5 Bxd5 20. cxd5 Qe8 21. Bf3
Qd8 22. Qc3 Ne8 23. e5 Bf8 24. h4 h5 25. a4 Rc8 26. Bg2 Bg7 27. Re3 Bh6 28. Re2
Ng7 29. e6 Ne8 30. exf7+ Kxf7 31. Rxe7+ Qxe7 32. Re1 Qd8 33. Bh3 Rb8 34. Qd3
1-0

[Event "FBL 1"]
[Site "Deutschland"]
[Date "2009.11.07"]
[Round "1.2"]
[White "Troyke, Doreen"]
[Black "Kachiani Gersinska, Ketino"]
[Result "1/2-1/2"]
[WhiteElo "2105"]
[BlackElo "2349"]
[PlyCount "87"]
[EventDate "2009.11.07"]
[EventType "team"]
[EventCountry "GER"]
[WhiteTeam "SV Medizin Erfurt"]
[BlackTeam "OSG - SG Baden-Baden 1922"]

1. c4 g6 2. g3 Nf6 3. Bg2 Bg7 4. Nc3 O-O 5. e3 c6 6. Nge2 d5 7. cxd5 cxd5 8. d4
Nc6 9. O-O b6 10. e4 dxe4 11. Nxe4 Nxe4 12. Bxe4 Bb7 13. Be3 Na5 14. Bxb7 Nxb7
15. Qb3 Qd7 16. Rac1 Rfc8 17. Rfd1 Nd6 18. Bf4 Nf5 19. Rxc8+ Rxc8 20. Be5 Bh6
21. d5 Nd6 22. Bc3 Ne4 23. Nd4 Nc5 24. Qc4 Ne4 25. Qb3 Bg5 26. Nc6 Nxc3 27.
bxc3 Bf6 28. c4 Rc7 29. Re1 Qd6 30. Qa4 Qc5 31. Qb3 Kg7 32. Re2 h5 33. h3 Qd6
34. Qa4 h4 35. g4 Qf4 36. Qb3 Rd7 37. Qb5 Qf3 38. Re3 Qd1+ 39. Kg2 Rc7 40. Qb3
Qc1 41. Qb4 Qc2 42. Qb3 Qc1 43. Qb4 Qc2 44. Qb3 1/2-1/2

[Event "FBL 1"]
[Site "Deutschland"]
[Date "2009.11.07"]
[Round "1.3"]
[White "Sedina, Elena"]
[Black "Hannes, Diana"]
[Result "1-0"]
[WhiteElo "2335"]
[BlackElo "2115"]
[PlyCount "137"]
[EventDate "2009.11.07"]
[EventType "team"]
[EventCountry "GER"]
[WhiteTeam "OSG - SG Baden-Baden 1922"]
[BlackTeam "SV Medizin Erfurt"]

1. e4 c5 2. Nf3 e6 3. c3 Nf6 4. e5 Nd5 5. d4 cxd4 6. cxd4 d6 7. Bc4 Nb6 8. Bb3
dxe5 9. Nxe5 Nc6 10. Nf3 Be7 11. Nc3 O-O 12. O-O Bf6 13. Be3 Na5 14. Bc2 Nac4
15. Ne4 Be7 16. Qe2 Bd7 17. Bd3 Nd6 18. Nc5 Bc6 19. Ne5 Bd5 20. a4 f6 21. Qh5
f5 22. a5 Nbc4 23. Nxb7 Nxb7 24. Nxc4 Rc8 25. b3 Nd6 26. Rac1 Rb8 27. Qd1 Nb5
28. Ne5 Bd6 29. f4 Bxe5 30. dxe5 Qxa5 31. b4 Qd8 32. Bc5 Rf7 33. Qe2 a6 34. Ra1
Qc8 35. Bc4 Rd7 36. Bxd5 Rxd5 37. Qa2 Ra8 38. Rac1 Qd7 39. Qe2 Rd2 40. Rfd1
Rxd1+ 41. Qxd1 Qe8 42. Qf3 Rc8 43. Ra1 Qc6 44. Qxc6 Rxc6 45. Kf2 Kf7 46. h3 Nc3
47. Ke3 Ne4 48. Kd4 g6 49. g4 Nf2 50. Ke3 Ne4 51. Kd4 Nf2 52. g5 Ne4 53. h4 Ng3
54. Ra3 Ne2+ 55. Ke3 Ng3 56. Rd3 Ne4 57. Rd7+ Kg8 58. Ra7 Nc3 59. Ra8+ Kf7 60.
Ra7+ Kg8 61. Be7 Nd5+ 62. Kd4 Nxf4 63. Bf6 Ne2+ 64. Ke3 Nc3 65. Rg7+ Kf8 66.
Rxh7 Nd5+ 67. Kd4 Rc7 68. Rh6 Nf4 69. Rh8+ 1-0

[Event "FBL 1"]
[Site "Deutschland"]
[Date "2009.11.07"]
[Round "1.4"]
[White "Anisheva, Varvara"]
[Black "Klink, Tamara"]
[Result "0-1"]
[WhiteElo "2155"]
[BlackElo "2289"]
[PlyCount "100"]
[EventDate "2009.11.07"]
[EventType "team"]
[EventCountry "GER"]
[WhiteTeam "SV Medizin Erfurt"]
[BlackTeam "OSG - SG Baden-Baden 1922"]

1. Nf3 d5 2. g3 c5 3. Bg2 Nf6 4. O-O e6 5. d3 Be7 6. Nbd2 O-O 7. e4 b6 8. e5
Nfd7 9. Re1 Nc6 10. Nf1 Qc7 11. Bf4 d4 12. h4 Bb7 13. a3 b5 14. h5 Nb6 15. Qe2
c4 16. N1h2 Rac8 17. Ng4 Rfd8 18. Ng5 cxd3 19. Qxd3 Bxg5 20. Bxg5 Ne7 21. Be4
Bxe4 22. Rxe4 Rd5 23. h6 f5 24. exf6 Rxg5 25. hxg7 Nf5 26. Rxe6 h5 27. Ne5 Nxg7
28. Re7 Qxc2 29. Qxc2 Rxc2 30. f7+ Kf8 31. Nf3 Rxg3+ 32. fxg3 Kxe7 33. Ng5 Nd7
34. Re1+ Kf6 35. Nf3 Kxf7 36. Nxd4 Rxb2 37. Nc6 Ne6 38. Nxa7 Nd4 39. Re3 Ne5
40. Kf1 Nc4 41. Rd3 Nc2 42. Rd7+ Kg6 43. Nc6 N2xa3 44. Ne7+ Kg5 45. Rd5+ Kg4
46. Rd4+ Kf3 47. Rd3+ Ne3+ 48. Kg1 Nac4 49. Nd5 Ke4 50. Nf4 Ne5 0-1

[Event "FBL 1"]
[Site "Deutschland"]
[Date "2009.11.07"]
[Round "1.5"]
[White "Tammert, Iamze"]
[Black "Umpfenbach, Carolin"]
[Result "1-0"]
[WhiteElo "2277"]
[BlackElo "2122"]
[PlyCount "67"]
[EventDate "2009.11.07"]
[EventType "team"]
[EventCountry "GER"]
[WhiteTeam "OSG - SG Baden-Baden 1922"]
[BlackTeam "SV Medizin Erfurt"]

1. c4 e6 2. Nf3 f5 3. Nc3 Nf6 4. g3 b6 5. Bg2 Bb7 6. O-O Bb4 7. Qb3 Bxc3 8.
Qxc3 Qe7 9. d3 O-O 10. Be3 c5 11. d4 d6 12. b4 Nbd7 13. Rfd1 Kh8 14. Rab1 Be4
15. Rb2 Rac8 16. bxc5 bxc5 17. Nd2 Bxg2 18. Kxg2 Nb6 19. Rb5 Ng4 20. dxc5 dxc5
21. Rc1 e5 22. f3 Nxe3+ 23. Qxe3 Rc7 24. Nb3 Rfc8 25. Rc2 h6 26. Rc1 Kh7 27.
Kf2 Kh8 28. Ra5 Kh7 29. Kg2 Kh8 30. g4 fxg4 31. fxg4 Qe6 32. Qe4 Qd6 33. Rc2
Rf8 34. h3 1-0

[Event "FBL 1"]
[Site "Deutschland"]
[Date "2009.11.07"]
[Round "1.6"]
[White "Kube, Hannelore"]
[Black "Mietzner, Tina"]
[Result "0-1"]
[WhiteElo "2001"]
[BlackElo "2246"]
[PlyCount "46"]
[EventDate "2009.11.07"]
[EventType "team"]
[EventCountry "GER"]
[WhiteTeam "SV Medizin Erfurt"]
[BlackTeam "OSG - SG Baden-Baden 1922"]

1. c4 e6 2. Nc3 d5 3. d4 c6 4. g3 dxc4 5. Bg2 Nf6 6. Nf3 Nbd7 7. O-O Be7 8. e4
O-O 9. a4 a5 10. Qe2 b6 11. Rd1 Ba6 12. d5 exd5 13. Nd4 dxe4 14. Nxc6 Qe8 15.
Nxe4 Nxe4 16. Bxe4 Bf6 17. Qc2 Nc5 18. Bxh7+ Kh8 19. Nd4 Nd3 20. Nb5 Bxb5 21.
axb5 Kxh7 22. Be3 Qxb5 23. Rab1 a4 0-1

[Event "FBL 1"]
[Site "Deutschland"]
[Date "2009.11.07"]
[Round "1.1"]
[White "Ohme, Melanie"]
[Black "Gaponenko, Inna"]
[Result "1/2-1/2"]
[WhiteElo "2310"]
[BlackElo "2455"]
[PlyCount "99"]
[EventDate "2009.11.07"]
[EventType "team"]
[EventCountry "GER"]
[WhiteTeam "SC Leipzig-Gohlis"]
[BlackTeam "Rodewischer Schachmiezen"]

1. e4 c5 2. Nf3 Nc6 3. d4 cxd4 4. Nxd4 Nf6 5. Nc3 d6 6. Be2 e5 7. Nf3 h6 8. O-O
Be7 9. h3 O-O 10. Re1 a6 11. Bf1 Qc7 12. a4 Nb4 13. Be3 Be6 14. a5 Rac8 15. Ra4
d5 16. Bb6 Qb8 17. exd5 Nbxd5 18. Nxd5 Nxd5 19. Nxe5 Nxb6 20. axb6 Bf6 21. Nd7
Bxd7 22. Qxd7 Rxc2 23. Bd3 Rc6 24. Rg4 Rd8 25. Qf5 g6 26. Qf3 Kg7 27. Bxa6 Rxb6
28. Bc4 Rxb2 29. Rf4 Qd6 30. g3 Rb4 31. Ree4 Qd1+ 32. Kg2 Qxf3+ 33. Rxf3 Rd6
34. Rb3 Rdb6 35. Rd3 Rc6 36. Bd5 Rcb6 37. Bc4 Rc6 38. Bd5 Rcb6 39. Bc4 Bb2 40.
Rd7 Rf6 41. Bxf7 Rxe4 42. Bd5+ Kf8 43. Bxe4 b6 44. f4 Ba3 45. Rb7 Bc5 46. Kf3
Rf7 47. Rb8+ Kg7 48. Bd5 Rd7 49. Bc4 Re7 50. Rg8+ 1/2-1/2

[Event "FBL 1"]
[Site "Deutschland"]
[Date "2009.11.07"]
[Round "1.2"]
[White "Vasilevich, Tatjana"]
[Black "Reizniece, Dana"]
[Result "1-0"]
[WhiteElo "2424"]
[BlackElo "2341"]
[PlyCount "107"]
[EventDate "2009.11.07"]
[EventType "team"]
[EventCountry "GER"]
[WhiteTeam "Rodewischer Schachmiezen"]
[BlackTeam "SC Leipzig-Gohlis"]

1. d4 Nf6 2. c4 g6 3. g3 Bg7 4. Bg2 d6 5. Nc3 O-O 6. h3 Nc6 7. e3 e5 8. Nge2
exd4 9. exd4 Bd7 10. O-O Qc8 11. Kh2 Re8 12. b3 a6 13. Bb2 Rb8 14. d5 Na5 15.
a4 c5 16. Ra3 Qc7 17. Qa1 Bf5 18. Nc1 Bh6 19. f4 Ne4 20. g4 Nxc3 21. Bxc3 Be4
22. g5 Bf8 23. Qb2 b6 24. Bf3 Bf5 25. Ne2 Qd7 26. Bg2 Re3 27. Ng3 Rbe8 28. Rf2
Rd3 29. Bf1 Rxg3 30. Kxg3 Bxh3 31. Be2 Re3+ 32. Kh2 Bg4 33. Bf1 h6 34. Qd2 Qe7
35. b4 Nxc4 36. Bxc4 Rh3+ 37. Kg1 Qe4 38. Rg2 Qxc4 39. Rxg4 Qe4 40. Rg2 Qb1+
41. Kf2 cxb4 42. Bxb4 Rh1 43. Rd3 h5 44. Bc3 h4 45. Ke3 h3 46. Re2 Qg1+ 47. Ke4
f5+ 48. gxf6 g5 49. Re1 h2 50. Rh3 g4 51. Rh5 g3 52. Kf5 Qxe1 53. Qxe1 Rxe1 54.
Kg6 1-0

[Event "FBL 1"]
[Site "Deutschland"]
[Date "2009.11.07"]
[Round "1.3"]
[White "Beltz, Franziska"]
[Black "Pokorna, Regina"]
[Result "0-1"]
[WhiteElo "2132"]
[BlackElo "2382"]
[PlyCount "88"]
[EventDate "2009.11.07"]
[EventType "team"]
[EventCountry "GER"]
[WhiteTeam "SC Leipzig-Gohlis"]
[BlackTeam "Rodewischer Schachmiezen"]

1. e4 e5 2. Nc3 Nf6 3. g3 Bc5 4. Bg2 Nc6 5. Nge2 a6 6. O-O d6 7. h3 O-O 8. Kh2
h6 9. Nd5 Nxd5 10. exd5 Nd4 11. c3 Nxe2 12. Qxe2 Re8 13. d3 Bf5 14. Qf3 Qd7 15.
Re1 Re7 16. d4 Bb6 17. dxe5 dxe5 18. Be3 e4 19. Qd1 Bxe3 20. Rxe3 Rd8 21. c4 c6
22. f3 cxd5 23. cxd5 Qxd5 24. Qxd5 Rxd5 25. fxe4 Rd2 26. Rae1 Be6 27. R3e2 Rxe2
28. Rxe2 Bxa2 29. Rd2 Re5 30. Rd8+ Kh7 31. g4 h5 32. Kg3 Rb5 33. Rd2 hxg4 34.
hxg4 Be6 35. Kf4 g5+ 36. Kg3 Kg7 37. Rf2 Rb3+ 38. Bf3 Kf6 39. Rc2 b6 40. Rh2
Ke5 41. Rd2 a5 42. Rh2 b5 43. Rd2 Bc4 44. Kg2 Bd3 0-1

[Event "FBL 1"]
[Site "Deutschland"]
[Date "2009.11.07"]
[Round "1.4"]
[White "Rudolf, Anna"]
[Black "Ulms, Sandra"]
[Result "1-0"]
[WhiteElo "2295"]
[BlackElo "2127"]
[PlyCount "83"]
[EventDate "2009.11.07"]
[EventType "team"]
[EventCountry "GER"]
[WhiteTeam "Rodewischer Schachmiezen"]
[BlackTeam "SC Leipzig-Gohlis"]

1. e4 c5 2. Nf3 Nc6 3. Bb5 Nf6 4. Nc3 Qc7 5. O-O Nd4 6. Re1 a6 7. Bf1 Ng4 8. g3
Nxf3+ 9. Qxf3 Ne5 10. Qd1 e6 11. b3 Be7 12. Bb2 O-O 13. Bg2 d6 14. f4 Nc6 15.
Ne2 Rd8 16. c4 b5 17. d3 Bb7 18. Rc1 Qb6 19. Qd2 Bf8 20. Kh1 Nd4 21. Nxd4 cxd4
22. Rf1 e5 23. Rc2 f6 24. Bh3 Bc8 25. Qg2 b4 26. Bc1 Ra7 27. Bxc8 Rxc8 28. g4
Rf7 29. f5 Be7 30. h4 g5 31. fxg6 hxg6 32. g5 fxg5 33. Rxf7 Kxf7 34. Bxg5 Bxg5
35. Qxg5 Qd8 36. Rf2+ Kg7 37. Qg4 Rc7 38. h5 g5 39. Qe6 Qe7 40. Qg6+ Kh8 41.
Qh6+ Kg8 42. Rf6 1-0

[Event "FBL 1"]
[Site "Deutschland"]
[Date "2009.11.07"]
[Round "1.5"]
[White "Bielicki, Birke"]
[Black "Steinbacher, Claudia"]
[Result "0-1"]
[WhiteElo "2192"]
[BlackElo "2158"]
[PlyCount "138"]
[EventDate "2009.11.07"]
[EventType "team"]
[EventCountry "GER"]
[WhiteTeam "SC Leipzig-Gohlis"]
[BlackTeam "Rodewischer Schachmiezen"]

1. d4 Nf6 2. c4 e6 3. Nf3 b6 4. g3 Bb7 5. Bg2 c5 6. d5 exd5 7. Nh4 Be7 8. Nf5
O-O 9. O-O d6 10. cxd5 b5 11. Bf4 Nh5 12. Nc3 Nxf4 13. gxf4 b4 14. Ne4 g6 15.
Ne3 f5 16. Nd2 Nd7 17. Nec4 Nf6 18. Nb3 Qd7 19. Nba5 Ba6 20. Rc1 Nh5 21. e3
Rfe8 22. Nc6 Bf6 23. Qb3 Bg7 24. Rfd1 Nf6 25. a3 Bxc4 26. Rxc4 a5 27. a4 Qf7
28. Qc2 Nd7 29. e4 fxe4 30. Rxe4 Rxe4 31. Qxe4 Re8 32. Qf3 Bxb2 33. Bh3 Nf8 34.
Nxa5 Be5 35. f5 Nd7 36. Nc4 Kh8 37. Kh1 Rb8 38. Qd3 g5 39. f6 Bxf6 40. Nxd6 Qf8
41. Ne4 Ne5 42. Qa6 Bg7 43. Bg2 h6 44. d6 c4 45. Qa7 Rd8 46. d7 b3 47. Nc5 Qe7
48. Be4 Bf8 49. Rd5 c3 50. Nxb3 Rxd7 51. Rxd7 Qxd7 52. Qxd7 Nxd7 53. a5 Nc5 54.
Nxc5 Bxc5 55. Kg2 Kg7 56. Kf3 Kf6 57. Ke2 Ke5 58. Bd3 Kf4 59. Bc2 Kg4 60. Kf1
Kh3 61. Kg1 Bd6 62. Bf5+ g4 63. Kh1 Bxh2 64. a6 Bb8 65. f3 h5 66. fxg4 hxg4 67.
Bc2 Ba7 68. Bb1 Kg3 69. Bc2 Kf2 0-1